header

Teachers for rural schools (Record no. 40138)

MARC details
000 -LEADER
fixed length control field 01280nam a22003254a 4500
082 04 - DEWEY DECIMAL CLASSIFICATION NUMBER
Classification number 371.100967
245 00 - TITLE STATEMENT
Title Teachers for rural schools
260 ## - PUBLICATION, DISTRIBUTION, ETC. (IMPRINT)
Place of publication Washington, DC :
Name of publisher World Bank,
Year of publication 2008.
300 ## - PHYSICAL DESCRIPTION
Number of Pages xiv, 119 p. :
Other physical details ill.
650 #0 - SUBJECT ADDED ENTRY--TOPICAL TERM
Topical Term Teachers
Topical Term Rural schools
Topical Term Education, Rural
856 40 - ELECTRONIC LOCATION AND ACCESS
Uniform Resource Identifier http://site.ebrary.com/lib/rucke/Doc?id=10231576

No items available.

© 2026 Rongo University
Contact us: librarian | system librarian | Rongo university